| Registos Bibliográficos associados ao registo de autoridade |
|
Etiqueta de registo: 00000nam 2200025 450 001 2283771 003 http://id.bnportugal.gov.pt/bib/catbnp/2283771 100 ## $a20260407d2025 k y0pory01030103ba 101 0# $aeng$dpor 102 ## $aPT 105 ## $aa m 000yy 106 ## $ar 200 1# $aEstablishment and modulation of an ex-vivo model of the bone metabolism and regeneration
in hyperglycaemic conditions$fRita Araújo Reis da Silva$gorient. Pedro de Sousa Gomes, Maria Helena Fernandes, Raquel Bernardino 210 #9 $aPorto$c[s.n.],$d2025 215 ## $aXII, 109 p.$cil.$d30 cm 328 #1 $aTese dout. Ciências Biomédicas, Instituto de Ciências Biomédicas de Abel Salazar,
Universidade do Porto, 2025 700 #1 $aSilva,$bRita Araújo Reis da$31994836 702 #1 $aFernandes,$bMaria Helena Raposo$4727$31264371 702 #1 $aBernardino,$bRaquel L.$4727$31772540 702 #1 $aGomes,$bPedro de Sousa$4727$31402112 801 #0 $aPT$bBN$gRPC 966 ## $lBN$mFGMON$x1 971 ## $corlando$d20260407
|
|
|